[Event "DA D - DDM A"]
[Site "?"]
[Date "2005.02.28"]
[Round "8.4"]
[White "Hacaperkova, Lenka"]
[Black "Dolinek, Vladimir"]
[Result "0-1"]
[WhiteElo "1917"]
[BlackElo "2018"]
[Annotator "Hacaperková,Lenka"]
[PlyCount "66"]
[EventDate "2005.01.13"]
[SourceDate "2005.01.13"]

1. e4 c5 2. Nc3 Nc6 3. g3 g6 4. Bg2 Bg7 5. d3 d6 6. Be3 Nf6 7. h3 Be6 8. Qd2 a6
9. Bh6 {
Opet jsem nemela trpelivost, samozrejme ze nejlepsi je ted f4, Jf3, 0-0.} Bxh6
10. Qxh6 Qb6 11. Qc1 $2 (11. O-O-O) 11... c4 {
Po Dc1 jsem vubec nedocenila tah c4.} 12. dxc4 Bxc4 13. Nge2 Rc8 14. O-O $2 Nd4
15. Re1 {Vubec jsem nevedela, jak reagovat. Ma pozice mi pripadala
katastrofalni. Nakonec mi jako nejschudnejsi prisel tah Ve1.} (15. Qd1 Nxe2+
16. Nxe2) (15. Nxd4 Bxf1 16. Qxf1 Qxd4 17. e5) 15... Bxe2 16. Nxe2 Rxc2 {
Cekala jsem 16..Jxc2 s pohodlnou hrou cerneho.} 17. Qd1 Nxe2+ 18. Rxe2 Rxb2 19.
Rxb2 Qxb2 20. Rb1 Qxa2 21. Rxb7 O-O 22. Rxe7 Qa3 {A najednou stoji o nece lepe
bily. Bohuzel se ted projevil nedostatek casu, ktery jsem stravila pred tahem
15.Ve1.} 23. Rc7 (23. Qd4 Kg7 24. Rd7 Qc5 25. Rxd6 Qxd4 26. Rxd4) 23... Qa5 24.
Qc1 Qe5 25. Qc3 Re8 26. Rc8 $2 {Nepochopitelne se zenu do vymeny dam. Chtela
jsem pozici zjednodusit, aby se mi hralo s tim mizernym casem lepe, nicmene
Vc8 povazuji za nejhorsi tah v partii.} (26. Qc4 $1 Re6 27. Qxa6 $11) 26...
Qxc3 27. Rxc3 Nxe4 28. Bxe4 Rxe4 29. Ra3 Kf8 30. Rxa6 Ke7 31. Kf1 h5 32. Ra7+
Ke6 33. Ra6 g5 0-1

[Event "DA D - DDM A"]
[Site "?"]
[Date "2005.02.28"]
[Round "8.7"]
[White "Nad, Boris"]
[Black "Nemec, Jan"]
[Result "1-0"]
[WhiteElo "1958"]
[BlackElo "1883"]
[PlyCount "43"]
[EventDate "2005.??.??"]

1. e4 e5 2. Nf3 Nc6 3. Bc4 Bc5 4. c3 Nf6 5. d4 exd4 6. cxd4 Bb4+ 7. Bd2 Bxd2+
8. Nbxd2 d5 9. exd5 Nxd5 10. Qb3 Nce7 11. O-O O-O 12. Rfe1 c6 13. a4 Qc7 $6 (
13... Qb6 14. Qxb6 axb6) 14. Rac1 Bg4 $4 15. Bxd5 $1 $18 Rad8 (15... Nxd5 16.
Qxd5 cxd5 $6 17. Rxc7) 16. Bc4 Ng6 17. Re3 Bxf3 18. Nxf3 Rd6 19. Rce1 Qc8 $2
20. Ne5 (20. Bxf7+) 20... Nxe5 21. dxe5 Rd2 22. e6 1-0

[Event "DA D - DDM A"]
[Site "Praha"]
[Date "2005.02.28"]
[Round "8.8"]
[White "Smejc, Jiri"]
[Black "Haase, Pavel"]
[Result "1-0"]
[WhiteElo "1833"]
[BlackElo "1879"]
[Annotator "-,J"]
[PlyCount "47"]
[EventDate "2005.??.??"]

1. e4 e5 2. Nf3 Nc6 3. Bb5 g6 4. d4 (4. c3 $1) 4... exd4 5. Nxd4 (5. Bg5 $1 Be7
6. Bxe7 Qxe7 7. Bxc6 dxc6 8. Qxd4 Nf6 9. Nc3 $14) 5... Bg7 6. Be3 Nge7 7. Nc3
O-O 8. Qd2 a6 9. Bc4 (9. Be2 $1) 9... b5 10. Bb3 Na5 11. Nd5 $2 (11. Nf3 $11)
11... Nxb3 12. axb3 Bb7 13. O-O {Radeji davam pesce, nez bych se dival na
ruiny z pozice po 13.Jxe7+ Dxe7 14.f3 f5! atd.} Nxd5 14. exd5 Bxd5 15. Nf5 $5 {
Objektivne slaby tah, davam jeste jednoho pika, ale budu moci strasit soupere
utokem a doufat, ze slapne vedle.} Bxg2 16. Kxg2 gxf5 17. Rg1 Kh8 18. Kf1 d6
19. Bg5 Bf6 20. Re1 Rg8 21. h4 Rg6 $6 (21... h6 $1 22. Bxh6 Rxg1+ 23. Kxg1 Bxh4
24. Qd5 c6 25. Qxf7 Qg8+ 26. Qxg8+ Rxg8+ 27. Kf1 {
a cerny muze uplatnovat material, i kdyz snadne to nema.}) 22. Qd5 $1 Kg8 $4 {
Pro mne nepochopitelny blundr, kral se vraci na sloupec, ze ktereho utekl v
ten nejmene vhodny okamzik.} (22... Bxg5 23. hxg5 Qg8 24. Re7 f6 25. Qc6) 23.
Bxf6 $18 c6 24. Rxg6+ {a cerny se vzdal.} (24. Bxd8 $1 {
o neco drtivejsi pocitacovy zaver....} cxd5 25. Re8+ Kg7 26. Bf6+ Kxf6 27. Rxa8
{Hiarcs +- 6.62}) 1-0

[Event "DDM A - Holdia D"]
[Site "?"]
[Date "2005.03.10"]
[Round "9.1"]
[White "Stross Frantisek"]
[Black "Fraas Martin"]
[Result "1/2-1/2"]
[WhiteElo "2276"]
[BlackElo "2194"]
[Annotator "Frantisek Stross"]
[PlyCount "23"]
[EventDate "2000.12.01"]

1. d4 Nf6 2. c4 e6 3. g3 Bb4+ 4. Bd2 Be7 {Chytry manevr znamy predevsim z
damske indicke. Bily strelec na d2 spise prekazi.} 5. Bg2 d5 6. Nf3 O-O 7. O-O
c6 8. Qc2 b6 9. Bf4 Bb7 10. Nbd2 Nbd7 11. e4 dxc4 $1 {
s dalsim c5 a dobrou hrou cerneho. Pozice se mi nahle uplne prestala libit.} ({
Pocital jsem pouze s} 11... dxe4 12. Nxe4 Nxe4 13. Qxe4 Nf6 14. Qe2 c5 15. Rad1
$14 {s prijemnou vyhodou bileho. Je zajimave, ze brani na c4 se vyskytlo pouze
ve dvou partiich, jinak cerni temer vyhradne brali na e4.}) 12. Qxc4 $146 {
0:48 1:00} (12. Qxc4 c5 $11) ({Ve vyse zminovanych partiich se hralo} 12. Nxc4
{, ale ani zde po} c5 {nema cerny sebemensi problemy.}) 1/2-1/2

[Event "DDM A - Holdia D"]
[Site "?"]
[Date "2005.03.10"]
[Round "9.3"]
[White "Hacaperkova, Lenka"]
[Black "Tochacek, Michal"]
[Result "1/2-1/2"]
[WhiteElo "1917"]
[BlackElo "2019"]
[PlyCount "125"]
[EventDate "2005.01.13"]
[SourceDate "2005.01.13"]

1. e4 c5 2. Nc3 d6 3. g3 Nf6 4. Bg2 Nc6 5. d3 Bg4 6. f3 Bd7 7. Be3 Qc8 8. Qd2
e6 9. Nge2 e5 {Stale jsem vahala kam schovat krale.} 10. h3 Nd4 11. f4 Be7 12.
g4 b5 13. Ng3 (13. g5 Nh5) 13... b4 14. Nce2 Nxe2 15. Qxe2 Bc6 16. O-O (16.
fxe5 $1 dxe5 17. Nf5 Bf8 $16 18. g5 g6 19. Ng3) 16... O-O 17. g5 Ne8 18. f5 f6
19. h4 (19. g6 h6 20. Qh5 Qb7) 19... fxg5 20. hxg5 Qd8 21. Qh5 d5 22. Bh3 {
tah f6 jsem videla, jen jsem si jeste rikala, ze ho vysperkuju tahlem Sh3
(opravdu pitomost)} (22. f6 $1 $18 g6 (22... Nxf6 23. gxf6 Bxf6 24. Bxc5))
22... Qd6 {Z nedostatku casu jsem tah f6 v teto pozici zamitla, rikala jsem si,
ze po g6 tam nic nebude. Opravdu skoda promarnene sance...} 23. Rf2 (23. f6 $1
$18 Nxf6 (23... g6 $2 24. fxe7 Rxf1+ 25. Rxf1) 24. gxf6 Bxf6 25. Bf5 $18) 23...
g6 24. fxg6 {vymena dam byla hloupost. Myslela jsem, ze ziskavam pesce na d5 a
slibnou pozici. Bohuzel jsem prehlidla neprijemne Jc7.} Qxg6 (24... hxg6) 25.
Rxf8+ Bxf8 26. Qxg6+ hxg6 27. Be6+ Kg7 28. exd5 (28. Rf1 $1 d4 29. Rf7+ Kg8 30.
Rc7+ Kh8 31. Rxc6 dxe3 $16) 28... Nc7 29. dxc6 Nxe6 30. a3 b3 31. cxb3 Rd8 32.
Rd1 (32. Ne4 $1 Rc8 (32... Rxd3 $2 33. Bxc5 Nxc5 34. c7 Nxe4 35. c8=Q $18) 33.
b4 $18) 32... Rc8 33. Rc1 Rxc6 34. Ne4 {
tim uz se partie dostala do remizove koncovky.} Rc7 35. b4 cxb4 36. Rxc7+ Nxc7
37. axb4 (37. Bxa7 bxa3 38. bxa3 Bxa3 39. Bb8 Nd5 40. Bxe5+ Kf7 41. Kf2 $14)
37... Nd5 38. Bxa7 Nxb4 39. Nf2 Be7 40. Be3 Kf7 41. Kf1 Ke6 42. Ke2 Kf5 43. Ne4
Nd5 44. Kf3 Nb4 45. Ng3+ Ke6 46. Ke4 Nc2 47. Bd2 Nd4 48. Nf1 Nf5 49. Nh2 Nd6+
50. Kf3 Kf5 51. Ng4 Ke6 52. Bc3 Nf7 53. Bd2 Nxg5+ 54. Bxg5 Bxg5 55. Ke4 Bc1 56.
b4 Ba3 57. b5 Bd6 58. b6 Bb8 59. b7 g5 60. d4 exd4 61. Kxd4 Kd6 62. Ne5 Kc7 63.
Ke4 1/2-1/2

[Event "DDM A - Holdia D"]
[Site "?"]
[Date "2005.03.10"]
[Round "9"]
[White "Zimak, Karel"]
[Black "Nemec, Jan"]
[Result "0-1"]
[WhiteElo "1883"]
[BlackElo "1925"]
[PlyCount "110"]
[EventDate "2005.??.??"]

1. d4 d5 2. c4 c6 3. Nc3 Nf6 4. e3 e6 5. Nf3 Nbd7 6. Be2 Bd6 7. O-O O-O 8. Qc2
dxc4 9. Bxc4 b5 10. Bd3 {Az sem teorie.} Re8 $2 (10... Bb7 {
a ted jsem se hrozne bal} 11. Ne4) (10... Qc7 11. e4 {
tohohle jsem se bal a nedoslo mi, ze jde} e5 {ackoli jsem proto hral to Ve8})
11. Ne4 $1 $16 Qc7 12. Nxd6 Qxd6 13. Bd2 Bb7 14. a3 e5 15. Bb4 Qb8 16. dxe5 (
16. Ng5 $1 h6 $4 (16... g6) 17. Bh7+ Kh8 18. Nxf7#) 16... Nxe5 17. Nxe5 Qxe5 (
17... Rxe5 {mi prislo moc zavazne.}) 18. Bc3 Qg5 19. f4 $2 (19. Bxf6 gxf6 20.
Bxh7+ Kg7 {jsem bral jako hlavni variantu a nebal jsem se do ni jit, nebot
jsem myslel, ze tam mam utok.} 21. f4 Qh6 22. Be4 {
ale ted jsem moc rad, ze to souper nezahral.}) 19... Qc5 20. Bxf6 Qxc2 21. Bxc2
gxf6 {
Vyhrat podobnou koncovku za cerne vyzaduje opravdu capablancovskou techniku.}
22. Kf2 Rad8 23. Rad1 c5 24. h4 c4 25. g4 h6 26. Rg1 a5 27. g5 $2 fxg5 28. hxg5
h5 {
Je zajimave, ze souper me vlastne donutil vytvorit si vitezneho volneho pesce.}
29. Bf5 Kg7 $4 30. Bd7 {Tohle jsem proste nevidel.} Rh8 31. Bh3 $2 {
Boji se komplikaci.} (31. Bxb5 h4 32. Rxd8 Rxd8 33. e4 $3 (33. Bxc4 $2 Rd2+ 34.
Ke1 Rxb2) 33... Bxe4 34. Bxc4 h3 35. Kg3 {a bily by mel asi vyhrat, ale v rade
jinych variant cerny pesec vitezi nebo aspon zajisti rovnou hru.}) 31... b4 32.
axb4 axb4 33. Rd4 Rxd4 34. exd4 Re8 35. Rc1 Bd5 36. Bf5 h4 37. Re1 $2 Rxe1 38.
Kxe1 c3 39. bxc3 bxc3 40. Ke2 Bb3 41. Kd3 c2 42. Kd2 Kf8 43. Be4 h3 44. f5 h2
45. g6 f6 $2 {Fica: "Hudry hudry, ted jsi pustil jistou remizu."} (45... fxg6
46. fxg6 Be6 47. d5 (47. Kxc2 $4 Bf5 $1) 47... Bf5 $1 48. Bf3 Bxg6 49. d6 Kf7
50. d7 Ke7 {stacilo k vyhre.}) 46. d5 Ba4 47. Kc1 $2 (47. Bf3 Kg7 48. d6 Bd7
49. Kxc2 Bxf5+ 50. Kd2 Kxg6 51. Ke3 Kg5 52. Bh1 {Ze by remiza?}) 47... Bd7 48.
d6 Bxf5 $1 $19 49. Bc6 Kg7 50. Bh1 Kxg6 51. d7 Bxd7 52. Kxc2 Kf5 53. Kd3 Kf4
54. Ke2 Kg3 55. Ke3 Bh3 {Fica: "Udelam na to tema studii." Netusil, ze to f6
byla opravdu asi chyba, i kdyz z ulpne jineho duvodu, nez si myslel.} 0-1

[Event "DDM A - Holdia D"]
[Site "?"]
[Date "2005.03.10"]
[Round "9.7"]
[White "Smejc, Jiri"]
[Black "Kozak, Martin"]
[Result "1-0"]
[WhiteElo "1833"]
[BlackElo "1870"]
[Annotator "-,J"]
[PlyCount "39"]
[EventDate "2005.01.27"]
[SourceDate "2005.03.13"]

1. e4 e5 2. Nf3 Nf6 3. Nxe5 d6 4. Nf3 Nxe4 5. Nc3 Nxc3 6. dxc3 Be7 7. Bf4 O-O
8. Qd2 Be6 (8... Nd7 $1) 9. O-O-O Nd7 10. Bd3 Nc5 11. h4 $5 (11. Kb1 $11) 11...
Bxa2 12. Ng5 h6 13. Qe3 {
Skvelý tah, provokuje a zamestnava soupere, který uz se bude jen branit...} f6
(13... Re8 $1 14. Qg3 Qd7 15. b3 Nxb3+ 16. Kb2 Nc5 17. Kxa2 Qa4+ 18. Kb1 Nxd3)
(13... hxg5 $2 14. hxg5 Nxd3+ 15. Qxd3 f5 16. Qh3 Kf7 17. b3 $1 Ke8 18. Kb2 Kd7
19. Qh7) 14. Nf3 (14. Bh7+ Kh8 15. Ne4 Ne6 (15... Kxh7 16. Nxc5) 16. Bf5) 14...
Re8 15. Nd4 Bf7 (15... Bf8 16. Qg3 Nxd3+ 17. Rxd3 Bc4 18. Re3) 16. Bxh6 Nxd3+
17. Rxd3 Kh7 $4 (17... Bf8 18. Qg3 Kh7 19. Bf4 c5 $1 {Tak by se ovsem branil
Hiarcs, muj souper prohodil tahy a krom c5 to videl. Skoda, mohlo se jeste
hrat.}) 18. Bxg7 {Timto vznikla sestitazka.} Kxg7 19. Nf5+ Kg8 (19... Kg6 20.
Qg3+ Kxf5 (20... Kh5 21. Qf3+ Kg6 22. Qg4+ Kh7 23. Qg7#) 21. Re1 Rg8 22. Rf3#)
20. Qg3+ {a cerny se vzdal} 1-0

[Event "DDM A - Holdia D"]
[Site "?"]
[Date "2005.03.10"]
[Round "9.8"]
[White "Kosina, Jakub"]
[Black "Hacaperka, Michal"]
[Result "0-1"]
[WhiteElo "1760"]
[BlackElo "1915"]
[PlyCount "56"]
[EventDate "2005.??.??"]

1. c4 Nf6 2. Nc3 g6 3. g3 Bg7 4. Bg2 d6 5. d4 O-O 6. Nf3 c6 7. e4 Bg4 8. O-O
Qa5 9. h3 Bd7 $6 (9... Bxf3 10. Bxf3 e5 {s dobrou hrou.}) 10. Be3 e5 {
Alespon trochu prostoru, cerne figury si ve vlastnim tabore prekazeji. Proto i
byla lepsi vymena na f3.} 11. Qd2 Rd8 (11... exd4 12. Nxd4 Na6 {
s aktivni bilou pozici.}) 12. Rfd1 Na6 13. a3 c5 {Cerny musi hledat uvolneni.}
14. d5 Nc7 $6 (14... Rac8) 15. b4 $1 {cerny nema zadny prostor a ztraci pesce.}
Qb6 16. bxc5 $18 dxc5 17. Nxe5 Be8 18. Nd3 Nd7 19. Rdb1 (19. Na4 Qd6 20. Bf4
Qa6 21. Bxc7 Qxa4 22. Nb2 {
s vyhranou pozici. Partie vsak byla ovlivnena nedostatkem casu.}) 19... Qa5 20.
Rc1 b6 {
aby se zbavil starosti s c-pescem, ktery z poslednich sil drzi cernou pozici.}
21. Rab1 $6 {Bily ma pesce vic a vyhranou pozici. Je vsak v casove tisni, boji
se, aby to nepokazil.} Qa6 22. Nb5 $6 (22. Bf4 {je krasny tah pro strelce.})
22... Nxb5 {rad vymenim jezdce, ktery stoji spatne a neni pro nej uplatneni.}
23. cxb5 Qxa3 $1 {
Zavrel jsem oci. (kupodivu se mi hodi, ze na e5 nestoji pesec.)} 24. Rc2 a5 {
aby se zbavil slabiny na a7.} 25. f4 Rac8 {
cerny si pripravil postup c5-c4, aby mohl vysvobodit svou damu.} 26. e5 c4 27.
Nb2 $4 (27. Rbc1) 27... c3 {Kdyz celou partii cerne figury zahalely a deni na
sachovnici jen pasivne sledovaly, objevil v sobe hrdinstvi jeden maly pesec a
vtrhl do bileho tabora.} 28. Qd3 Qb4 {a cerny prekrocil cas.} 0-1

[Event "FIMA A - DDM A"]
[Site "?"]
[Date "2005.03.17"]
[Round "10.1"]
[White "Bartos Jan"]
[Black "Stross Frantisek"]
[Result "1/2-1/2"]
[WhiteElo "2307"]
[BlackElo "2276"]
[Annotator "Frantisek Stross"]
[PlyCount "108"]
[EventDate "2000.12.01"]

1. d4 Nf6 2. c4 g6 3. Nc3 Bg7 4. e4 d6 5. Nf3 O-O 6. Be2 e5 ({
Normalne zde hravam} 6... Na6 {
, ale pripravil jsem si konkretni variantu v nasledujici koncovce.}) 7. dxe5
dxe5 8. Qxd8 Rxd8 9. Bg5 Re8 10. Nd5 Nxd5 11. cxd5 c6 12. Bc4 cxd5 13. Bxd5 Nd7
14. Nd2 {Nejlepsi tah.} ({V databazi mel souper jednu partii, kde hral slabe} 
14. O-O $6 {, nacez bych hral} h6 $1 15. Bh4 (15. Be3 Nf6 $15) 15... g5 16. Bg3
Nf6 $15 {a bily se musi vzdat dvojice strelcu.}) 14... Nc5 15. Be3 ({
Casteji se hrava} 15. O-O-O Ne6 16. Be3 Nf4 17. Bxf4 exf4 {
s pribliznou rovnovahou.}) 15... Nd3+ 16. Ke2 Nf4+ 17. Bxf4 exf4 18. Rab1 $146
(18. Kf3) (18. Nc4) 18... Be6 19. Bxe6 (19. Bxb7 $5) 19... Rxe6 20. f3 $2 {
Bily se zdrzuje zcela zbytecnym tahem a zanedbava vyvin. Od ted to bude hra na
jednu branu.} (20. Rhc1 {a hra je asi vyrovnana.}) 20... Ra6 $17 21. a3 Rc8 {
Hrozi smrtelne vniknuti veze na druhou radu} 22. Kd1 Rd6 $2 ({
Nejlepsi bylo nejprve jeste vice oslabit pesce bileho po} 22... Rb6 $1 {
a teprve po} 23. b3 {zahrat} Rd6 {Napr.} 24. Rc1 Rcd8 25. Rc2 Rd3 26. Kc1 Bf8
27. Ra2 Rc3+ 28. Kb1 Bxa3 29. Rxa3 Rxd2 30. Rc1 Rxc1+ 31. Kxc1 Rxg2 32. Rxa7
Rxh2 33. Rxb7 Rf2 $19) ({
Dalsim nadejnym tahem, ktery navrhl po partii souper, bylo} 22... Rac6 {napr.}
23. Re1 Rc2 $17) 23. Re1 (23. Rc1 $2 Rxc1+ 24. Kxc1 Bxb2+ $19) 23... Bd4 24.
Re2 Be3 25. Rc1 Rcd8 26. Rc2 {Nechce se mi verit, ze by tuhle pozici cerny
nejak nemohl vyhrat. Mne se vsak v partii, ani v nasledne analyze, nic
presvdeciveho nalezt nepodarilo.} b5 27. Ke1 Kg7 28. g3 g5 29. gxf4 Bxf4 ({
Nic nedava} 29... gxf4 30. Rg2+ Kf6 31. Nf1) 30. Nf1 Rd3 31. Kf2 Rb3 32. Nd2
Rbd3 33. Nf1 h5 34. h3 Rb3 35. Nd2 Rxd2 36. Rexd2 Bxd2 37. Rxd2 h4 38. Rc2 a5
39. Rd2 Kf6 40. Rd6+ Ke7 41. Rd2 Ke6 42. Rc2 f5 43. exf5+ Kxf5 44. Re2 a4 45.
Kg2 Rd3 46. Kf2 Rd5 47. Re4 Rd2+ 48. Re2 Rxe2+ 49. Kxe2 Kf4 50. Kf2 {=} Ke5 51.
Ke3 Kd5 52. Kd3 Ke5 (52... Kc5 53. Kc3 (53. Ke4 $2 Kc4 54. Kf5 Kb3 55. Kxg5
Kxb2 56. f4 b4 57. f5 bxa3 58. f6 a2 59. f7 a1=Q 60. f8=Q Qg1+ 61. Kxh4 Qd4+
62. Kg5 a3 $17) 53... b4+ 54. axb4+ Kb5 55. Kc2 Kxb4 56. Kd2 Kc4 57. Kc2 $11)
53. Ke3 Kd5 54. Kd3 Ke5 {1:50 2:07} 1/2-1/2

[Event "FIMA A - DDM A"]
[Site "?"]
[Date "2005.03.17"]
[Round "10.2"]
[White "Hacaperkova, Lenka"]
[Black "Dolezal, Martin"]
[Result "1/2-1/2"]
[WhiteElo "1917"]
[BlackElo "2231"]
[PlyCount "31"]
[EventDate "2005.01.13"]
[SourceDate "2005.01.13"]

1. e4 e6 {Ach jo, zase francie.} 2. d4 d5 3. Nc3 Be7 {
Timto tahem me souper prekvapil, nevedela jsem, jak zareagovat.} 4. Nf3 (4. e5)
4... Nf6 5. Bd3 c5 6. exd5 Nxd5 7. Nxd5 exd5 {
Cekala jsem spis brani damou, pesec na d5 bude slaby.} (7... Qxd5 8. dxc5) 8.
dxc5 Bxc5 9. O-O O-O {Bily ma jasny plan, zmocnit se pesce na d5.} 10. h3 {
Nechtela jsem, aby mi cerny strelec otravoval jezdce na f3, ktery brani poled4.
} Nc6 11. c3 h6 12. Bf4 Qf6 13. Bg3 d4 {Prekvapilo me, ze souper prehlidl
jednoduche b4 a b5 s vyhnanim obou figur, ktere kryji d4.} 14. b4 Bd6 15. Bxd6
Qxd6 16. b5 {Nabidla jsem remizu. Nejak se mi nechtelo dalsi dve hodiny
prosazovat pesce a pak z nedostatku casu opet skemrat o remizu (podobne jako v
minulych dvou kolech).} 1/2-1/2

[Event "FIMA A - DDM A"]
[Site "?"]
[Date "2005.03.17"]
[Round "10"]
[White "Nemec"]
[Black "Miskolczi"]
[Result "0-1"]
[WhiteElo "1883"]
[BlackElo "2073"]
[PlyCount "62"]
[EventDate "2005.??.??"]

1. e4 d5 2. exd5 Qxd5 3. Nc3 Qa5 4. Bc4 {Tohle jeste neni chyba} (4. Nf3 Bg4 5.
h3 Bh5) 4... Nf6 5. Nf3 Nc6 {Tady uz jsem videl neprijemnosti po Sg4 a Je5
nebo Jd4, ale nejak jsem si s pozici nevedel rady.} 6. O-O Bg4 {Tady uz Hiarcs
jednoznacne doporucuje 7.h3 nebo 7.Sb4 (s docela dobrou hrou), ale je jasne,
ze podobne tahy me prilis nelakaly. Pripadaji mi jako priznani chyby.} 7. d4 $2
$17 O-O-O 8. Be3 e5 {Tenhle jednoduchy tah jsem prehledl.} 9. Be2 $2 $19 (9. d5
e4 {taky prilis nelaka}) 9... Bxf3 10. Bxf3 exd4 11. Bxc6 bxc6 12. Bxd4 c5 13.
b4 {Snaha o vyvolani komplikaci utokem na krale.} Qxb4 14. Qf3 $2 (14. Rb1 Qc4
15. Qf3 cxd4 16. Nb5 a6 17. Qa8+ Kd7 18. Qxa6 {vypada o trochu lepe, ale i
tady muze bily neceho dosahnout jen po hodne slabe sehrane obrane.}) 14... cxd4
15. Rab1 {Obet druhe figury za utok je subjektivne asi nejlepsi pokracovani,
ale prakticke sance na zachranu jsou minimalni.} Qxc3 16. Qf5+ Rd7 17. Qb5 Rd5
18. Qa6+ Kd7 19. Rb8 {Bily tlak by byl smrtici, kdyby nebyl za dve figury. Bez
nich se neda rozvracena pozice cerneho krale vyuzit.} Qa5 20. Qc8+ Kc6 21. Qb7+
Kd7 22. Qc8+ {Leda, ze by souhlasil s remizou opakovanim tahu.} Kd6 {Skoda.}
23. Rd1 Rg8 24. Qh3 Kc6 25. Qf3 Bd6 26. Rbb1 Re8 27. h3 Kd7 28. Qb3 Rde5 29.
Kf1 Ke7 30. g3 Kf8 31. a4 Qd5 0-1

[Event "FIMA A - DDM A"]
[Site "?"]
[Date "2005.03.17"]
[Round "10.6"]
[White "Hacaperka, Michal"]
[Black "Haskovec, Cedrik"]
[Result "1/2-1/2"]
[WhiteElo "1915"]
[BlackElo "2037"]
[PlyCount "30"]
[EventDate "2005.??.??"]

1. e4 c5 2. Nf3 Nf6 3. Nc3 d6 4. d4 cxd4 5. Nxd4 a6 6. a4 {Proti Najdorfovu
systemu ma bily celou radu moznych planu. Tah v partii je spis netypicky.} Nc6
7. Be2 e6 8. O-O Be7 9. Be3 O-O 10. Qd2 Qc7 11. Nb3 Rd8 $6 {Po klasickych
sicilskych tazich, ktere jeste uvadi teorie, se cerny dopustil oslabeni na
damskem kridle.} (11... b6 12. Rfd1 Rb8 13. f3 Rd8 14. Bf1 d5 15. exd5 Nb4 16.
Bf4 e5 17. d6 Rxd6 18. Bxe5 Rxd2 19. Bxc7 Rxd1 20. Rxd1 Rb7 21. Bd6 Nxc2 22.
Bxa6 Rd7 23. Bxe7 Bxa6 24. Bxf6 Rxd1+ 25. Nxd1 gxf6 $16) 12. a5 Re8 13. f3 (13.
Bb6 {je mozna nejduraznejsi. Dama se musi rozhodnout, kam ustoupi. Na d7
zabere vyvinove pole strelci a jezdci, na b8 bude zase trochu prekazet vezi.
Po} Qb8 14. f4 {ma bily prostorovou prevahu, cerny ma ale stale sance na
prosazeni v centru a uvolneni.} Nd7 15. Na4 {s udrzenim blokady,} ({nebo} 15.
Bf2 {a po b6 pripadne menit a utocit na a6.})) 13... Bf8 (13... d5) 14. Na4 Rb8
15. Bf4 h6 {s nabidkou remizy. Mam protorovou prevahu, ale pozice pritom neni
tak jasna, proto jsem s horsim casem remizu prijal, i kdyz me to trochu mrzelo.
} 1/2-1/2